Truyện ngắn hay đầu thế kỷ

Đã lưu trong:
書目詳細資料
其他作者: Phạm Hồng Toàn (sưu tầm, tuyển chọn và giới thiệu)
格式: 圖書
語言:Vietnamese
出版: H. Văn học 2000
主題:
標簽: 添加標簽
沒有標簽, 成為第一個標記此記錄!
Thư viện lưu trữ: Mạng thư viện Đại học Đà Nẵng
LEADER 01066nam a2200313 4500
001 000005664
003 1810
005 20120511090506.0
008 110818s2000 viesd
020 |c 23000 
041 0 |a vie 
082 |a 895.9223  |b TRU 
245 0 |a Truyện ngắn hay đầu thế kỷ  |c Phạm Hồng Toàn sưu tầm và giới thiệu 
260 |a H.  |b Văn học  |c 2000 
300 |a 282 tr.  |c 19 cm 
653 |a Văn học Việt Nam 
653 |a Truyện ngắn 
700 |a Phạm Hồng Toàn  |e sưu tầm, tuyển chọn và giới thiệu 
910 |a Thu Sương  |d 19/8/2011 
OWN |a LSP 
AVA |a UDN50  |b LSP  |d 895.9223 TRU  |e available  |t Error 5001 Not defined in file expand_doc_bib_avail.  |f 3  |g 0  |h N  |i 0  |k 1 
999 |a From the UDN01 
AVA |a UDN50  |b LSP  |d 895.9223 TRU  |e available  |t Error 5001 Not defined in file expand_doc_bib_avail.  |f 3  |g 0  |h N  |i 0  |k 1 
TYP |a Monograph 
TYP |a Printed language 
980 |a Mạng thư viện Đại học Đà Nẵng